000 00488nam a2200169Ia 4500
999 _c34760
_d34760
003 OSt
005 20200203141609.0
008 190216s9999||||xx |||||||||||||| ||und||
040 _coclc
082 _a341
_bTUN/C
100 _aTunkin, Grigory
_91805
245 0 _aContemporary International Law /
_cGrigory Tunkin
260 _bProgress Publishers,
_c1969.
_aMoscow:
300 _a291p
650 _aPolitical Science
942 _cBK
_2ddc
_h341
_iTUN/C
_k341
_mTUN/C